Mga kadahilanan ng pag hinto ng pag aaral sa high school/ (Record no. 84044)
[ view plain ]
| 000 -LEADER | |
|---|---|
| fixed length control field | 00748nam a22002057a 4500 |
| 003 - CONTROL NUMBER IDENTIFIER | |
| control field | URS |
| 005 - DATE AND TIME OF LATEST TRANSACTION | |
| control field | 20250820111152.0 |
| 008 - FIXED-LENGTH DATA ELEMENTS--GENERAL INFORMATION | |
| fixed length control field | 250819b |||||||| |||| 00| 0 eng d |
| 050 00 - LIBRARY OF CONGRESS CALL NUMBER | |
| Classification number | LG 221.R59 |
| Item number | An876 2010 |
| 100 00 - MAIN ENTRY--PERSONAL NAME | |
| Personal name | Antipata, Jade Mark l. |
| Relator term | Researcher |
| 245 10 - TITLE STATEMENT | |
| Title | <a href="Mga kadahilanan ng pag hinto ng pag aaral sa high school/">Mga kadahilanan ng pag hinto ng pag aaral sa high school/</a> |
| Statement of responsibility, etc | Jade Mark L. Antipara...[et.al.] |
| 260 #1 - PUBLICATION, DISTRIBUTION, ETC. (IMPRINT) | |
| Date of publication, distribution, etc | 2010 |
| 300 ## - PHYSICAL DESCRIPTION | |
| Extent | 21 leaves; |
| Dimensions | 28 cm, |
| Other physical details | illustrations, |
| 336 ## - CONTENT TYPE | |
| Source | rdacontent |
| Content type term | text |
| 337 ## - MEDIA TYPE | |
| Source | rdamedia |
| Media type term | unmediated |
| 338 ## - CARRIER TYPE | |
| Source | rdacarrier |
| Carrier type term | rdacarrier |
| 502 ## - DISSERTATION NOTE | |
| Dissertation note | Undergraduate Thesis |
| Degree type | Batsilyer ng Edukasyong Pansekondarya Medyor sa Filipino<br/> |
| Name of granting institution | University of Rizal System, Rodriguez, Rizal<br/> |
| Year degree granted | 2010 |
| 650 ## - SUBJECT ADDED ENTRY--TOPICAL TERM | |
| Source of heading or term | Paghinto ng pag-aaral |
| 942 ## - ADDED ENTRY ELEMENTS (KOHA) | |
| Source of classification or shelving scheme | Library of Congress Classification |
| Koha item type | Theses and dissertations |
| Withdrawn status | Source of classification or shelving scheme | Damaged status | Not for loan | Home library | Current library | Shelving location | Date acquired | Total Checkouts | Full call number | Barcode | Date last seen | Price effective from | Koha item type |
|---|---|---|---|---|---|---|---|---|---|---|---|---|---|
| Library of Congress Classification | Not For Loan | Rodriguez College Library | Rodriguez College Library | Undergraduate Theses | 08/19/2025 | LG 221.R59 An876 2010 | URSROD-UGT-FIL-1236 | 08/19/2025 | 08/19/2025 | Theses and dissertations |